| 000 | 00696nam a22002177a 4500 | ||
|---|---|---|---|
| 003 | OSt | ||
| 008 | 260131b |||||||| |||| 00| 0 eng d | ||
| 020 | _a9783030753573 | ||
| 082 |
_a634.99 _bN15I |
||
| 100 | _aNair, P. K. Ramachandran. | ||
| 245 |
_aIntroduction to Agroforestry : four decades of scientific developments / _cby P. K. Ramachandran Nair; B. Mohan Kumar and Vimala D. Nair |
||
| 250 | _a2nd ed. | ||
| 260 |
_a.- Switzerland _b: Springer _c, 2021 |
||
| 300 | _axxi,666p. | ||
| 650 | _aTechnology (Applied Sciences) | ||
| 650 | _aAgriculture and Related Technologies | ||
| 650 | _aAgroforestry | ||
| 700 | _aKumar, B. Mohan. | ||
| 700 | _aNair, Vimala D. | ||
| 942 |
_2ddc _cBK |
||
| 999 |
_c49938 _d49938 |
||